000 00219nam a2200097Ia 4500
008 240331s9999 xx 000 0 und d
082 _bRUW
100 _aRuwanpathirana,M
245 0 _aObe yeheliya aya gahaniya
942 _cL
999 _c4888
_d4888